| 000 | 01180nam a2200289Ia 4500 | ||
|---|---|---|---|
| 003 | OSt | ||
| 005 | 20220923211428.0 | ||
| 006 | a|||||r|||| 00| 0 | ||
| 007 | ta | ||
| 008 | 220922b |||||||| |||| 00| 0 hin d | ||
| 020 |
_a9788195190454 (hbk) _c495 |
||
| 024 | _a354,171 | ||
| 037 |
_b314, 29/12/2021, Hans Prakashan _cTextual |
||
| 040 |
_aARTS _cARTS _bhin |
||
| 041 |
_2hin _ahin |
||
| 082 | _aO152,3N607x, R1 | ||
| 100 |
_aमोरवाल, भगवानदास, ले. _9159335 |
||
| 245 | 0 | _aधूप से जले सूरजमुखी | |
| 246 | _aDhūp se jale sūrajamukhī | ||
| 260 |
_aनई दिल्ली _b हंस प्रकाशन _c2021 |
||
| 300 |
_a168पृ. _ccm. |
||
| 490 | _aबीसवीं सदी के अंतिम दशकों के दकहाती युवा - मन की कहानियॉं | ||
| 650 |
_a हिन्दी साहित्य _9156264 |
||
| 650 | _aहिन्दी कहानी | ||
| 942 |
_hO152,3N607x, R1 _cTEXL _2CC |
||
| 999 |
_c299337 _d299337 |
||